<?xml version="1.0" encoding="UTF-8"?>
<record
    xmlns:xsi="http://www.w3.org/2001/XMLSchema-instance"
    xsi:schemaLocation="http://www.loc.gov/MARC21/slim http://www.loc.gov/standards/marcxml/schema/MARC21slim.xsd"
    xmlns="http://www.loc.gov/MARC21/slim">

  <leader>02275nam a2200277 i 4500</leader>
  <controlfield tag="003">DO-SdBNP</controlfield>
  <controlfield tag="005">20260515120122.0</controlfield>
  <controlfield tag="007">ta</controlfield>
  <controlfield tag="008">260515e2025    dr ||||gr|||||||| |bspa d</controlfield>
  <datafield tag="020" ind1=" " ind2=" ">
    <subfield code="a">9789945944693</subfield>
  </datafield>
  <datafield tag="040" ind1=" " ind2=" ">
    <subfield code="a">DO-SdBNP</subfield>
    <subfield code="b">spa</subfield>
    <subfield code="c">BNPHU</subfield>
    <subfield code="e">rda</subfield>
  </datafield>
  <datafield tag="041" ind1=" " ind2=" ">
    <subfield code="a">spa</subfield>
  </datafield>
  <datafield tag="082" ind1=" " ind2=" ">
    <subfield code="b">G216p 2025</subfield>
    <subfield code="2">22</subfield>
  </datafield>
  <datafield tag="100" ind1=" " ind2=" ">
    <subfield code="a">Garc&#xED;a &#xC1;lvarez, Clariel, </subfield>
    <subfield code="d">1975-</subfield>
    <subfield code="9">89593</subfield>
    <subfield code="e">autor</subfield>
  </datafield>
  <datafield tag="245" ind1=" " ind2=" ">
    <subfield code="a">Poemas con historia /</subfield>
    <subfield code="c">Clariel Garc&#xED;a &#xC1;lvarez.</subfield>
  </datafield>
  <datafield tag="264" ind1=" " ind2=" ">
    <subfield code="a">Santo Domingo, Rep&#xFA;blica Dominicana : </subfield>
    <subfield code="b">Editora Poetas De La Era, </subfield>
    <subfield code="c">2025.</subfield>
  </datafield>
  <datafield tag="300" ind1=" " ind2=" ">
    <subfield code="a">183 p&#xE1;ginas ; </subfield>
    <subfield code="c">23 x 15.5 cm.</subfield>
  </datafield>
  <datafield tag="336" ind1=" " ind2=" ">
    <subfield code="a">texto</subfield>
    <subfield code="b">txt</subfield>
    <subfield code="2">rdacontent</subfield>
  </datafield>
  <datafield tag="337" ind1=" " ind2=" ">
    <subfield code="a">sin mediaci&#xF3;n </subfield>
    <subfield code="b">n</subfield>
    <subfield code="2">rdamedia</subfield>
  </datafield>
  <datafield tag="338" ind1=" " ind2=" ">
    <subfield code="a">volumen</subfield>
    <subfield code="b">nc</subfield>
    <subfield code="2">rdacarrier</subfield>
  </datafield>
  <datafield tag="500" ind1=" " ind2=" ">
    <subfield code="a">Incluye biograf&#xED;a de la autora en la solapa.</subfield>
  </datafield>
  <datafield tag="520" ind1=" " ind2=" ">
    <subfield code="a">Este libro sirve de lienzo a historias contadas con rima y matizadas de sentimientos.
Las palabras se conservan tal como nacieron, el esp&#xED;ritu de su contenido no es pretencioso ni fastuoso. La autora no utiliza un lenguaje rebuscado ni complejos recursos literarios, sino que cada p&#xE1;gina refleja un fragmento de una historia tan usual como la vida misma, an&#xE9;cdotas que te envuelven entre versos, consonancia de palabras que hablan de algo o alguien, que aunque el lector no conozca se sentir&#xE1; parte de ello. La autora juega con el tiempo, entremezcla pasado y presente, impregna de un sentimiento tal cada verso, que puede lograr trasladarnos al instante justo de lo que rese&#xF1;a, sus rimas ponen en contexto al lector de cada suceso, pueden sacar tantas l&#xE1;grimas como carcajadas, y nos pasean por etapas de la vida que todos en alg&#xFA;n momento pasamos, incluso podr&#xED;an hacernos evocar nuestra propia existencia. Algunos poemas invitan a la reflexi&#xF3;n, convidan al lector a sumergirse en su interior y valorar su realidad, sufrir sus p&#xE9;rdidas, valorar su entorno, apreciar sus circunstancias. En general, en estas p&#xE1;ginas la poes&#xED;a florece sin alardes, pero con colores pasteles que permiten conservar el sosiego mientras leemos. El libro nos regala una lectura grata y atrayente, que transcurre entre la jovialidad, la sensibilidad y los sentimientos.</subfield>
  </datafield>
  <datafield tag="590" ind1=" " ind2=" ">
    <subfield code="a">Inventariado, 2026/WG.</subfield>
  </datafield>
  <datafield tag="650" ind1=" " ind2="0">
    <subfield code="a">Poes&#xED;a moderna y contempor&#xE1;nea </subfield>
    <subfield code="9">89594</subfield>
    <subfield code="y">(desde 1900 en adelante)</subfield>
  </datafield>
  <datafield tag="942" ind1=" " ind2=" ">
    <subfield code="2">ddc</subfield>
    <subfield code="c">LBS1</subfield>
  </datafield>
  <datafield tag="952" ind1=" " ind2=" ">
    <subfield code="0">0</subfield>
    <subfield code="1">0</subfield>
    <subfield code="2">ddc</subfield>
    <subfield code="5">1</subfield>
    <subfield code="7">0</subfield>
    <subfield code="8">PD</subfield>
    <subfield code="a">BNPHU</subfield>
    <subfield code="b">BNPHU</subfield>
    <subfield code="c">CT</subfield>
    <subfield code="d">2026-05-15</subfield>
    <subfield code="l">0</subfield>
    <subfield code="o">G216p 2025</subfield>
    <subfield code="p">2026-4139</subfield>
    <subfield code="r">2026-05-15</subfield>
    <subfield code="w">2026-05-15</subfield>
    <subfield code="y">LBS1</subfield>
  </datafield>
  <datafield tag="952" ind1=" " ind2=" ">
    <subfield code="0">0</subfield>
    <subfield code="1">0</subfield>
    <subfield code="2">ddc</subfield>
    <subfield code="5">1</subfield>
    <subfield code="7">0</subfield>
    <subfield code="8">PD</subfield>
    <subfield code="a">BNPHU</subfield>
    <subfield code="b">BNPHU</subfield>
    <subfield code="c">CT</subfield>
    <subfield code="d">2026-05-15</subfield>
    <subfield code="l">0</subfield>
    <subfield code="o">G216p 2025</subfield>
    <subfield code="p">2026-4140</subfield>
    <subfield code="r">2026-05-15</subfield>
    <subfield code="t">e.2</subfield>
    <subfield code="w">2026-05-15</subfield>
    <subfield code="y">LBS1</subfield>
  </datafield>
  <datafield tag="952" ind1=" " ind2=" ">
    <subfield code="0">0</subfield>
    <subfield code="1">0</subfield>
    <subfield code="2">ddc</subfield>
    <subfield code="5">1</subfield>
    <subfield code="7">0</subfield>
    <subfield code="8">PD</subfield>
    <subfield code="a">BNPHU</subfield>
    <subfield code="b">BNPHU</subfield>
    <subfield code="c">CT</subfield>
    <subfield code="d">2026-05-15</subfield>
    <subfield code="l">0</subfield>
    <subfield code="o">G216p 2025</subfield>
    <subfield code="p">2026-4141</subfield>
    <subfield code="r">2026-05-15</subfield>
    <subfield code="t">e.3</subfield>
    <subfield code="w">2026-05-15</subfield>
    <subfield code="y">LBS1</subfield>
  </datafield>
  <datafield tag="999" ind1=" " ind2=" ">
    <subfield code="c">60757</subfield>
    <subfield code="d">60757</subfield>
  </datafield>
</record>
